| 000 | 00348 a2200121 4500 | ||
|---|---|---|---|
| 245 |
_aLabyrinths _hSound Recording |
||
| 100 | _aBORGES JORGELUIS | ||
| 650 | _aliterature | ||
| 005 | 20191021095119.0 | ||
| 260 |
_agw _bKonnex-Records _c[2007] |
||
| 084 | _aSDB 54674 | ||
| 300 |
_a1 sound disc : digital _b 4 3/4 in. _c1 sound disc : digital ; 4 3/4 in. |
||
| 500 | _aCompact disc. | ||
| 999 |
_c11836 _d11836 |
||